000 004240000a22001810004500
003 MACL
005 20151017102707.0
008 151017b xxu||||| |||| 00| 0 eng d
040 _aMACL
_cMACL
041 _aEnglish
082 _a823/GAN
100 _aGangopadhyay, Sunil
_99670
245 _aFirst light
260 _bPenguin Books
_c2001
_aNew Delhi
350 _a495
650 _aFiction
_915451
942 _cBK
_k823
_2ddc
999 _c2139
_d2139